Pokrytectvo až do konca

Podrobná bibliografia
Hlavný autor: Luky, Jozef (Autor)
Médium: Článok
Jazyk:slovenčina
Predmet:

MARC

LEADER 00000nab a2200000 a 4500
001 vtls000468312
003 SK-MaSNL
005 20260311224958.0
008 160115c1992 xo 0 slo
015 |a SNBRB19rr/mm-uuuuu 
035 |a CL0468445 
040 |a SNKBUCL  |b slo  |c SNKBUCL  |e AACR2 
041 0 |a slo 
044 |a xo  |c SK 
080 |a 342.31(437.6)  |2 1981 
080 |a 323(437)  |2 1981 
100 1 |a Luky, Jozef  |4 aut  |9 974690 
245 1 0 |a Pokrytectvo až do konca  |c Jozef Luky 
650 0 7 |a zvrchovanosť Slovenska  |2 snkbucl  |9 970892 
651 7 |a Československo  |2 snkbucl  |9 21376 
655 7 |a články z novín a časopisov  |2 snkbucl  |9 267496 
773 0 |t Koridor  |g Roč. 1, č. 228 (30. 11. 1992), s. 1 
850 |a Slovenská národná knižnica v Martine  |a MTA001 
852 |a SNK  |b KIS3GCP 
958 |a RK 
992 |a RBX 
999 |c 3263778  |d 3265708